000 00654cam a22002293a 4500
001 6635
003 PGUSA
005 20140828083135.0
008 041001s2004||||xxu|||||s|||||000 1 eng d
040 _aPGUSA
_beng
042 _adc
050 4 _aPS
100 1 _aRice, Alice Caldwell Hegan,
_d1870-1942
245 1 2 _aA Romance of Billy-Goat Hill
_h[electronic resource] /
_cAlice Caldwell Hegan Rice
260 _bProject Gutenberg,
_c2004
506 _aPublic domain in the USA.
516 _aElectronic text
653 _aKentucky -- Fiction
830 0 _aProject Gutenberg
_v6635
856 4 0 _uhttp://www.gutenberg.org/ebooks/6635
942 _cEB
999 _c235955
_d235955